[Event "Mittelfr. EM - Qualifikationsturnier"]
[Site "Büchenbach"]
[Date "2011.04.22"]
[Round "5.21"]
[White "Gottlieb, Michael"]
[Black "Tong, Kevin"]
[Result "1/2-1/2"]
[WhiteElo "1217"]
[BlackElo "1432"]
[PlyCount "118"]
[EventDate "2011.??.??"]
[WhiteTeam "SC Postbauer-Heng e.V"]
[BlackTeam "SC Erlangen 48/88 e.V."]

1. e4 c5 2. Nf3 d6 3. d4 cxd4 4. Nxd4 Nf6 5. Nc3 g6 6. h3 Bg7 7. Be3 O-O 8. Qd2
Nc6 9. Be2 Bd7 10. O-O a6 11. a3 Rc8 12. f4 Na5 13. b3 Qc7 14. Nd5 Nxd5 15.
exd5 b5 16. Rfc1 Qc3 17. Qd3 Qxd3 18. Bxd3 e5 19. dxe6 fxe6 20. Rab1 Bxd4 21.
Bxd4 Rxf4 22. Be3 Rf7 23. Rf1 Rxf1+ 24. Rxf1 Rf8 25. Rxf8+ Kxf8 26. Kf2 Kf7 27.
Bg5 Nc6 28. Be2 Ne7 29. c4 Nf5 30. cxb5 Bxb5 31. Bxb5 axb5 32. a4 bxa4 33. bxa4
Ke8 34. g4 Nd4 35. a5 Kd7 36. Be3 Nb5 37. a6 Kc6 38. a7 Kb7 39. Kf3 Nxa7 40.
Kf4 h6 41. Kg3 g5 42. h4 gxh4+ 43. Kxh4 Nc6 44. Bxh6 Ne7 45. Kh5 Nd5 46. g5
Nf4+ 47. Kg4 e5 48. Kf5 Kc7 49. g6 Nxg6 50. Kxg6 d5 51. Kf5 Kc6 52. Kxe5 Kc5
53. Bg5 d4 54. Bh6 Kc4 55. Bg5 Kc3 56. Bh6 d3 57. Bg5 Kc2 58. Kd4 d2 59. Bxd2
Kxd2 1/2-1/2

[Event "Mittelfr. EM - Qualifikationsturnier"]
[Site "Büchenbach"]
[Date "2011.04.22"]
[Round "5.22"]
[White "Dreiseitel, Ursula"]
[Black "Stefan, Sebastian"]
[Result "1-0"]
[WhiteElo "1509"]
[BlackElo "1176"]
[PlyCount "95"]
[EventDate "2011.??.??"]
[WhiteTeam "SC Noris-Tarrasch Nürnberg 1873"]
[BlackTeam "SG Büchenbach/Roth e.V."]

1. d4 d5 2. Nf3 Bg4 3. c4 e6 4. Nc3 Nf6 5. Bg5 Bb4 6. e3 Nbd7 7. h3 Bh5 8. Be2
Bxf3 9. Bxf3 c6 10. c5 h6 11. Bh4 Qa5 12. Qb3 Bxc3+ 13. bxc3 Qc7 14. Bg3 e5 15.
O-O Rb8 16. Rfb1 O-O 17. a4 Rfe8 18. c4 dxc4 19. Qxc4 Qc8 20. Ra2 a6 21. Rab2
Qc7 22. Rb4 a5 23. R4b3 g6 24. R1b2 b6 25. cxb6 Rxb6 26. Rxb6 Nxb6 27. Qxc6
Qxc6 28. Bxc6 Nbd7 29. d5 Rd8 30. f3 Nh5 31. Be1 Ndf6 32. e4 Nf4 33. Bxa5 Rc8
34. Rd2 Ne8 35. Bxe8 Rxe8 36. Bc7 Rc8 37. Bxe5 g5 38. Bxf4 gxf4 39. Kf2 f6 40.
g3 fxg3+ 41. Kxg3 Kf7 42. Kf4 Ra8 43. Rd4 Ke7 44. Kf5 Kf7 45. f4 Ra5 46. e5
fxe5 47. fxe5 Ke7 48. d6+ 1-0

[Event "Mittelfr. EM - Qualifikationsturnier"]
[Site "Büchenbach"]
[Date "2011.04.22"]
[Round "6.1"]
[White "Braun, Michael"]
[Black "Güldner, Udo"]
[Result "1/2-1/2"]
[WhiteElo "1849"]
[BlackElo "1947"]
[PlyCount "41"]
[EventDate "2011.??.??"]
[WhiteTeam "SG Büchenbach/Roth e.V."]
[BlackTeam "SC Forchheim e.V."]

1. d4 d5 2. c4 e6 3. Nf3 Nf6 4. Nc3 c6 5. e3 Nbd7 6. Bd3 Bd6 7. O-O O-O 8. Bd2
e5 9. cxd5 cxd5 10. e4 exd4 11. Nxd5 Nxd5 12. exd5 Nf6 13. Bg5 Bg4 14. Be2 Re8
15. Re1 Bxf3 16. Bxf3 Re5 17. Qd2 Qe7 18. g3 Re8 19. Rxe5 Bxe5 20. Re1 h6 21.
Bxf6 1/2-1/2

[Event "Mittelfr. EM - Qualifikationsturnier"]
[Site "Büchenbach"]
[Date "2011.04.22"]
[Round "6.2"]
[White "Dittmar, Thomas"]
[Black "Bildt, Thomas"]
[Result "1-0"]
[WhiteElo "1974"]
[BlackElo "1996"]
[PlyCount "89"]
[EventDate "2011.??.??"]
[WhiteTeam "SF Fürth 1951 e.V."]
[BlackTeam "SK Zirndorf e.V."]

1. d4 d5 2. c4 c6 3. Nf3 Nf6 4. Nc3 dxc4 5. e4 b5 6. e5 Nd5 7. a4 Nxc3 8. bxc3
e6 9. axb5 cxb5 10. Ng5 Bb7 11. Qh5 g6 12. Qg4 Be7 13. Be2 Nd7 14. Rb1 Bc6 15.
O-O Nb6 16. Re1 a5 17. Bf3 Nd5 18. Ne4 h5 19. Qg3 Qc7 20. Nd6+ Bxd6 21. exd6
Qd7 22. Bxd5 Bxd5 23. Qe5 O-O-O 24. Bf4 f6 25. Qxf6 Rhf8 26. Qe5 Rf5 27. Qe3
Rdf8 28. Bg3 g5 29. h4 Rg8 30. hxg5 Rfxg5 31. Qf4 Rg4 32. Qe5 R4g5 33. Qf4 Rf5
34. Qh6 Rg4 35. Rxb5 Qxb5 36. Qh8+ Kb7 37. d7 Rxg3 38. Qc8+ Ka7 39. fxg3 Qb2
40. Qc5+ Ka6 41. Rxe6+ Bxe6 42. Qd6+ Ka7 43. d8=Q Bd5 44. Qxa5+ Kb7 45. Qdc7#
1-0

[Event "Mittelfr. EM - Qualifikationsturnier"]
[Site "Büchenbach"]
[Date "2011.04.22"]
[Round "6.3"]
[White "Dietrich, Jochen"]
[Black "Lais, Thomas"]
[Result "1/2-1/2"]
[WhiteElo "1953"]
[BlackElo "1953"]
[PlyCount "42"]
[EventDate "2011.??.??"]
[WhiteTeam "SG Büchenbach/Roth e.V."]
[BlackTeam "SW Nürnberg Süd e.V."]

1. Nf3 Nf6 2. g3 g6 3. Bg2 Bg7 4. d3 d5 5. O-O O-O 6. c3 c5 7. Nbd2 Nc6 8. e4
e6 9. Nh4 d4 10. c4 e5 11. Nb3 Nd7 12. a3 a6 13. Qe1 b5 14. Nd2 Nb6 15. b3 bxc4
16. bxc4 Bd7 17. Nb3 Na4 18. Bd2 Bf6 19. Nf3 Bg7 20. Nh4 Bf6 21. Nf3 Bg7
1/2-1/2

[Event "Mittelfr. EM - Qualifikationsturnier"]
[Site "Büchenbach"]
[Date "2011.04.22"]
[Round "6.4"]
[White "Zhao, Kevin"]
[Black "Mösl, Sebastian"]
[Result "0-1"]
[WhiteElo "1851"]
[BlackElo "1793"]
[PlyCount "84"]
[EventDate "2011.??.??"]
[WhiteTeam "SC Erlangen 48/88 e.V."]
[BlackTeam "SK Neumarkt e.V."]

1. e4 d6 2. d4 g6 3. Nc3 Bg7 4. Be3 Nf6 5. Qd2 c6 6. Be2 b5 7. a3 O-O 8. f3
Nbd7 9. g4 Bb7 10. g5 Nh5 11. f4 a5 12. Bxh5 gxh5 13. f5 Nb6 14. Qf2 Nc4 15.
Bc1 Nb6 16. Nge2 Nd7 17. Ng3 b4 18. Nce2 c5 19. d5 h4 20. Nh5 Bc8 21. Nxg7 Kxg7
22. Qxh4 Ne5 23. Qh6+ Kh8 24. Nf4 Rg8 25. h4 Qf8 26. Qh5 Bd7 27. Bd2 Rg7 28.
Rg1 Qg8 29. Qe2 Qb8 30. h5 a4 31. h6 Rg8 32. Qh5 Be8 33. axb4 cxb4 34. Be3 a3
35. b3 Qc8 36. Bd4 Qxc2 37. Bxe5+ dxe5 38. g6 Qxe4+ 39. Kf2 Qxf4+ 40. Ke2 Qe4+
41. Kd2 Qd4+ 42. Ke2 Qb2+ 0-1

[Event "Mittelfr. EM - Qualifikationsturnier"]
[Site "Büchenbach"]
[Date "2011.04.22"]
[Round "6.5"]
[White "Weißmann, Peter"]
[Black "Ruderer, Thomas"]
[Result "1/2-1/2"]
[WhiteElo "1848"]
[BlackElo "1778"]
[PlyCount "117"]
[EventDate "2011.??.??"]
[WhiteTeam "SK Zirndorf e.V."]
[BlackTeam "SC Heideck-Hilpoltstein"]

1. e4 e6 2. d4 d5 3. exd5 exd5 4. Bd3 Nf6 5. Bg5 Be7 6. h3 O-O 7. c3 Re8 8. Ne2
Ne4 9. Bxe7 Qxe7 10. Bxe4 Qxe4 11. f3 Qe7 12. Nd2 b6 13. b3 Nd7 14. g3 c5 15.
Rh2 Ba6 16. Kf1 Qe3 17. c4 cxd4 18. Nf4 dxc4 19. Nxc4 Nc5 20. Nd5 Qe5 21. Nf4
Qf6 22. Re2 Rxe2 23. Qxe2 d3 24. Qb2 Qxb2 25. Nxb2 d2+ 26. Kf2 g5 27. Nd5 Rd8
28. Nb4 Bb7 29. Rd1 a5 30. Nc2 Nd3+ 31. Nxd3 Rxd3 32. Ne3 f5 33. Ke2 Ba6 34.
Nc4 Bxc4 35. bxc4 Rc3 36. Rxd2 Rxc4 37. Rb2 Rc6 38. Kd3 Kf7 39. Kd4 Kf6 40. Kd5
Re6 41. a4 h5 42. Rc2 Re5+ 43. Kd4 g4 44. hxg4 hxg4 45. fxg4 Re4+ 46. Kd5 Rxg4
47. Rc6+ Kg5 48. Rxb6 Rxa4 49. Rb5 Kg4 50. Ke6 Re4+ 51. Kf6 Kxg3 52. Kxf5 Rf4+
53. Ke5 a4 54. Kd5 Kf3 55. Rb2 Ke3 56. Kc5 Kd3 57. Kb5 Kc3 58. Rh2 Rd4 59. Rh3+
1/2-1/2

[Event "Mittelfr. EM - Qualifikationsturnier"]
[Site "Büchenbach"]
[Date "2011.04.22"]
[Round "6.6"]
[White "Diller, Daniel"]
[Black "Bruder, Heinz"]
[Result "1-0"]
[WhiteElo "1759"]
[BlackElo "1840"]
[PlyCount "39"]
[EventDate "2011.??.??"]
[WhiteTeam "SC Erlangen 48/88 e.V."]
[BlackTeam "SW Nürnberg Süd e.V."]

1. c4 e5 2. g3 Nf6 3. Bg2 d5 4. cxd5 Nxd5 5. Nc3 Nb6 6. Nf3 Nc6 7. O-O Be7 8.
a3 g5 9. d4 f6 10. dxe5 Nxe5 11. Nxe5 fxe5 12. Qc2 O-O 13. Rd1 Qe8 14. Nd5 Bd8
15. Nxc7 Qf7 16. Nxa8 Qxf2+ 17. Kh1 Bf5 18. Qb3+ Kg7 19. Be3 Qxe2 20. Re1 1-0

[Event "Mittelfr. EM - Qualifikationsturnier"]
[Site "Büchenbach"]
[Date "2011.04.22"]
[Round "6.7"]
[White "Heckel, Wolfgang"]
[Black "Thürauf, Peter"]
[Result "0-1"]
[WhiteElo "1770"]
[BlackElo "1890"]
[PlyCount "42"]
[EventDate "2011.??.??"]
[WhiteTeam "TSG 1893 Ellingen e.V."]
[BlackTeam "SW Nürnberg Süd e.V."]

1. d4 d5 2. c4 e6 3. Nc3 c6 4. e3 Nf6 5. Nf3 Nbd7 6. Bd2 Bd6 7. cxd5 exd5 8.
Bd3 O-O 9. Qc2 Re8 10. g4 Nf8 11. h3 Qe7 12. O-O-O Ne4 13. Be1 Nxc3 14. Bxc3 b5
15. Rdg1 a5 16. g5 b4 17. Be1 c5 18. dxc5 Bxc5 19. Nd4 Bd7 20. Kb1 a4 21. Qe2
Bxd4 0-1

[Event "Mittelfr. EM - Qualifikationsturnier"]
[Site "Büchenbach"]
[Date "2011.04.22"]
[Round "6.8"]
[White "Dürr, Florian"]
[Black "Burger, Thomas"]
[Result "1/2-1/2"]
[WhiteElo "1811"]
[BlackElo "1695"]
[PlyCount "103"]
[EventDate "2011.??.??"]
[WhiteTeam "SC Erlangen 48/88 e.V."]
[BlackTeam "SAbt Wolframs-Eschenbach"]

1. e4 c6 2. d4 d5 3. e5 Bf5 4. Nf3 e6 5. Be2 c5 6. O-O Nc6 7. c3 c4 8. h3 b5 9.
g4 Bg6 10. Nh2 f6 11. f4 f5 12. Nd2 a5 13. Ndf3 Be7 14. a3 b4 15. Qa4 Rc8 16.
axb4 axb4 17. Bd2 b3 18. Qa6 Nh6 19. Ra4 O-O 20. g5 Nf7 21. Rfa1 Qc7 22. Nf1
Rb8 23. Qa8 Rxa8 24. Rxa8 Rxa8 25. Rxa8+ Nfd8 26. Ra1 h6 27. h4 hxg5 28. hxg5
Bh5 29. Ng3 Bg4 30. Kg2 Bf8 31. Nh2 Bxe2 32. Nxe2 Qf7 33. Nf3 Ne7 34. Ng3 Ng6
35. Kf2 Nc6 36. Ra4 Qb7 37. Ne2 Be7 38. Kg3 Na7 39. Ra5 Bd8 40. Ra4 Ne7 41. Kg2
Nec8 42. Kg3 Qb5 43. Ra3 Be7 44. Ra1 Qb7 45. Kg2 Nb6 46. Kg3 Qd7 47. Kg2 Na4
48. Kf2 Bd8 49. Kg2 Ba5 50. Kf2 Qb5 51. Rb1 Nc6 52. Ke3 1/2-1/2

[Event "Mittelfr. EM - Qualifikationsturnier"]
[Site "Büchenbach"]
[Date "2011.04.22"]
[Round "6.9"]
[White "Müller, Maximilian"]
[Black "Walch, Roger"]
[Result "1-0"]
[WhiteElo "1775"]
[BlackElo "1747"]
[PlyCount "123"]
[EventDate "2011.??.??"]
[WhiteTeam "SG Büchenbach/Roth e.V."]
[BlackTeam "SW Nürnberg Süd e.V."]

1. e4 e6 2. Nc3 d5 3. d4 Nf6 4. e5 Nfd7 5. f4 c5 6. Nf3 a6 7. a4 Nc6 8. g3 cxd4
9. Nxd4 Nxd4 10. Qxd4 Bc5 11. Qd3 Qb6 12. a5 Bf2+ 13. Ke2 Qa7 14. Nd1 Nc5 15.
Qf3 Bd4 16. c3 Nb3 17. Rb1 Bd7 18. Ke1 Bc5 19. Bd3 Bc6 20. Qe2 Rc8 21. Bc2 Nxc1
22. Rxc1 O-O 23. Rf1 Bb5 24. Bd3 Bxd3 25. Qxd3 b5 26. axb6 Qxb6 27. Ra1 a5 28.
Kd2 d4 29. c4 Bb4+ 30. Kc2 Qc6 31. b3 Rfd8 32. Ra2 Qg2+ 33. Kb1 Qh3 34. Rc2 Qf5
35. Nb2 Bc3 36. Qxf5 exf5 37. Nd3 Rb8 38. Ka2 Rdc8 39. Rb1 Rc6 40. Nc1 Ra6 41.
Ne2 a4 42. b4 d3 43. Rxc3 dxe2 44. Re3 e1=Q 45. Rexe1 Rab6 46. b5 Kf8 47. Red1
Ke7 48. Rd2 f6 49. Rbd1 R8b7 50. Rd6 fxe5 51. fxe5 g5 52. R1d4 h5 53. Ka3 Rxd6
54. exd6+ Ke6 55. Kxa4 h4 56. c5 f4 57. gxf4 Ra7+ 58. Kb3 g4 59. f5+ Kxf5 60.
d7 Rxd7 61. Rxd7 g3 62. hxg3 1-0

[Event "Mittelfr. EM - Qualifikationsturnier"]
[Site "Büchenbach"]
[Date "2011.04.22"]
[Round "6.10"]
[White "Bayer, Rolf"]
[Black "Di Bonaventura, Stefan"]
[Result "1-0"]
[WhiteElo "1718"]
[BlackElo "1637"]
[PlyCount "103"]
[EventDate "2011.??.??"]
[WhiteTeam "SC Noris-Tarrasch Nürnberg 1873"]
[BlackTeam "SG Büchenbach/Roth e.V."]

1. e4 e5 2. Nf3 Nc6 3. d4 exd4 4. Nxd4 Bc5 5. Be3 Qf6 6. c3 Nge7 7. Bc4 O-O 8.
O-O a6 9. Nxc6 Qxc6 10. Bxc5 Qxc5 11. Bd3 d6 12. Nd2 Ng6 13. Nb3 Qg5 14. Kh1
Nf4 15. Qf3 Ng6 16. g3 Bh3 17. Rg1 Ne5 18. Qd1 Ng4 19. Qe2 Qf6 20. f4 Rfe8 21.
Qd2 Qe6 22. Nd4 Qd7 23. Nf3 h6 24. Rge1 Qc6 25. Ng1 f5 26. Nxh3 fxe4 27. Bf1
e3+ 28. Qg2 Nf2+ 29. Nxf2 exf2 30. Re2 Rxe2 31. Bxe2 Re8 32. Qxc6 bxc6 33. Bc4+
d5 34. Rf1 dxc4 35. Rxf2 Kf7 36. Kg2 Kf6 37. Kf3 Rd8 38. Ke4 Rd6 39. g4 g6 40.
b3 cxb3 41. axb3 c5 42. Ra2 Rb6 43. Ra3 Ke6 44. h3 Kd6 45. h4 Kc6 46. Ke5 Kb5
47. f5 gxf5 48. gxf5 Rd6 49. Ra2 Kb6 50. f6 Rd1 51. f7 Re1+ 52. Kf6 1-0

[Event "Mittelfr. EM - Qualifikationsturnier"]
[Site "Büchenbach"]
[Date "2011.04.22"]
[Round "6.12"]
[White "Siegl, Melina"]
[Black "Korth, Manfred"]
[Result "0-1"]
[WhiteElo "1585"]
[BlackElo "1812"]
[PlyCount "84"]
[EventDate "2011.??.??"]
[WhiteTeam "SW Nürnberg Süd e.V."]
[BlackTeam "SC Heideck-Hilpoltstein"]

1. e4 d6 2. d4 Nf6 3. Nc3 g6 4. Bc4 Bg7 5. Be3 O-O 6. h3 Nxe4 7. Nxe4 d5 8. Bd3
dxe4 9. Bxe4 c5 10. Ne2 Nc6 11. Bxc6 bxc6 12. O-O cxd4 13. Nxd4 Qc7 14. c3 Rd8
15. Qe2 e5 16. Nb3 a5 17. Rfd1 Ba6 18. Qc2 Rxd1+ 19. Rxd1 Rd8 20. Rxd8+ Qxd8
21. Nc5 Bc8 22. Qa4 Qd5 23. Qxa5 Bf8 24. Qc7 Bf5 25. Nb3 Kg7 26. f4 Bd6 27. Qd8
Bc5 28. Qxd5 Bxe3+ 29. Kf1 cxd5 30. fxe5 Bd3+ 31. Ke1 Bc4 32. Nd4 Bxd4 33. cxd4
Bxa2 34. g4 Bc4 35. g5 h6 36. h4 hxg5 37. hxg5 Kf8 38. Kd2 Ke7 39. Kc3 Ke6 40.
b3 Ba6 41. Kb4 Kf5 42. Kc5 Ke4 0-1

[Event "Mittelfr. EM - Qualifikationsturnier"]
[Site "Büchenbach"]
[Date "2011.04.22"]
[Round "6.13"]
[White "Sikorsky, Reinhard"]
[Black "Zedlitz, Friedemann"]
[Result "1/2-1/2"]
[WhiteElo "1626"]
[BlackElo "1715"]
[PlyCount "96"]
[EventDate "2011.??.??"]
[WhiteTeam "FC Gunzenhausen 1910 e.V"]
[BlackTeam "SG Büchenbach/Roth e.V."]

1. e4 e5 2. Nf3 Nc6 3. Bc4 Qf6 4. Nc3 Nd4 5. Nxd4 exd4 6. Nd5 Qd6 7. Qf3 c6 8.
Nc7+ Kd8 9. Nxa8 Qf6 10. Qxf6+ Nxf6 11. d3 d5 12. exd5 b5 13. Bb3 Bb7 14. dxc6
Bxc6 15. O-O Bxa8 16. Bxf7 Bd6 17. Bg5 Rf8 18. Bb3 Kd7 19. a4 b4 20. Rae1 Nd5
21. Bxd5 Bxd5 22. Bh4 b3 23. cxb3 Bxb3 24. Bg3 Rb8 25. Bxd6 Kxd6 26. Re4 Rb4
27. Ra1 a5 28. Rg4 Bc2 29. Rxg7 Bxd3 30. Ra7 Bc2 31. Rxa5 d3 32. Kf1 Rd4 33.
Ra6+ Kd7 34. Ra7+ Kd8 35. Ra8+ Kd7 36. Ra7+ Kd8 37. Rxh7 d2 38. Rh8+ Kd7 39.
Ke2 d1=Q+ 40. Rxd1 Bxd1+ 41. Ke3 Rxa4 42. Kd2 Bb3 43. Kc3 Bd5 44. h4 Bxg2 45.
h5 Rf4 46. h6 Be4 47. h7 Rh4 48. b4 Rxh7 1/2-1/2

[Event "Mittelfr. EM - Qualifikationsturnier"]
[Site "Büchenbach"]
[Date "2011.04.22"]
[Round "6.14"]
[White "Gajewski, Richard"]
[Black "Müller, Roland"]
[Result "1-0"]
[WhiteElo "1711"]
[BlackElo "1635"]
[PlyCount "78"]
[EventDate "2011.??.??"]
[WhiteTeam "FC Gunzenhausen 1910 e.V"]
[BlackTeam "SV Lauf a.d.P."]

1. e4 c5 2. c3 Nf6 3. e5 Nd5 4. Bc4 Nb6 5. Bb3 c4 6. Bc2 Nc6 7. Nf3 d6 8. exd6
Qxd6 9. O-O Bg4 10. Re1 e6 11. b3 Be7 12. Na3 Qc5 13. bxc4 Qh5 14. Be4 Ne5 15.
Bxb7 Rb8 16. h3 Bxh3 17. Rxe5 Qg6 18. Ne1 Rxb7 19. Qf3 Qf6 20. Qxf6 Bxf6 21.
Rb5 Bxg2 22. Kxg2 Rd7 23. d4 h5 24. Bf4 Be7 25. c5 Nd5 26. Bd2 h4 27. Nc4 g5
28. Nd3 f6 29. Rb8+ Bd8 30. Re1 Ke7 31. Nd6 Rh7 32. Rc8 Nc7 33. Nb4 Rxd6 34.
cxd6+ Kd7 35. Rxc7+ Bxc7 36. dxc7 Re7 37. Na6 g4 38. c4 Re8 39. Bf4 Kc8 1-0

[Event "Mittelfr. EM - Qualifikationsturnier"]
[Site "Büchenbach"]
[Date "2011.04.22"]
[Round "6.15"]
[White "Meulner, Fabian"]
[Black "Münzenberg, Dietrich"]
[Result "1-0"]
[WhiteElo "1813"]
[BlackElo "1575"]
[PlyCount "59"]
[EventDate "2011.??.??"]
[WhiteTeam "SW Nürnberg Süd e.V."]
[BlackTeam "Spvg Zabo-Eintracht Nürnberg e.V"]

1. Nf3 c6 2. g3 d5 3. c4 Bg4 4. Bg2 Nf6 5. O-O Nbd7 6. d4 e6 7. Nc3 dxc4 8. Nd2
Nb6 9. Nf3 Be7 10. Ne5 Nbd5 11. Nxg4 Nxg4 12. e4 Nb4 13. Qxg4 Qxd4 14. Be3 Qe5
15. f4 Qc7 16. Qxg7 O-O-O 17. Qxf7 Nc2 18. Qxe6+ Kb8 19. Rae1 Nxe3 20. Rxe3 Bc5
21. Rfe1 Rhe8 22. Qxc4 Qb6 23. Qe2 Rd4 24. Kh1 Red8 25. Qh5 Bb4 26. Qxh7 Bxc3
27. Rxc3 Rd1 28. Rc1 R1d2 29. Rf1 Qxb2 30. Rb1 1-0

[Event "Mittelfr. EM - Qualifikationsturnier"]
[Site "Büchenbach"]
[Date "2011.04.22"]
[Round "6.16"]
[White "Babichev, Vyacheslav"]
[Black "Dorner, Hans"]
[Result "1-0"]
[WhiteElo "1786"]
[BlackElo "1675"]
[PlyCount "91"]
[EventDate "2011.??.??"]
[WhiteTeam "SW Nürnberg Süd e.V."]
[BlackTeam "SC Heideck-Hilpoltstein"]

1. b3 Nf6 2. Bb2 d5 3. e3 Bf5 4. Bb5+ c6 5. Be2 e6 6. Nf3 Nbd7 7. O-O Qc7 8.
Nh4 Bg6 9. f4 Bd6 10. d3 O-O-O 11. a4 Qb6 12. Bd4 c5 13. a5 Qc7 14. Bc3 d4 15.
Bd2 dxe3 16. Bxe3 Nd5 17. Bd2 Nxf4 18. Bf3 Bxd3 19. cxd3 g5 20. Nc3 gxh4 21.
Nb5 Qb8 22. Nxd6+ Qxd6 23. Bxf4 e5 24. Bg5 Qd4+ 25. Kh1 f6 26. Ra4 Qd6 27. Bxh4
Rhg8 28. Be4 Kb8 29. Qc2 Rg4 30. g3 h5 31. Rf5 b5 32. axb6 Nxb6 33. Ra6 Rf8 34.
Rxh5 Rxe4 35. dxe4 Qd4 36. Rh7 Nc8 37. Rxf6 Rxf6 38. Bxf6 Qd6 39. Rh6 Kb7 40.
Rh7+ Kb8 41. Rh6 Kb7 42. Qe2 Qd4 43. Qb5+ Nb6 44. Rh7+ Kb8 45. Qe8+ Nc8 46.
Bxe5+ 1-0

[Event "Mittelfr. EM - Qualifikationsturnier"]
[Site "Büchenbach"]
[Date "2011.04.22"]
[Round "6.17"]
[White "Dreiseitel, Werner"]
[Black "Wild, Erwin"]
[Result "1/2-1/2"]
[WhiteElo "1523"]
[BlackElo "1605"]
[PlyCount "52"]
[EventDate "2011.??.??"]
[WhiteTeam "SC Noris-Tarrasch Nürnberg 1873"]
[BlackTeam "SG Büchenbach/Roth e.V."]

1. d4 Nf6 2. c4 d6 3. Nc3 Bf5 4. f3 e6 5. e4 Bg6 6. Be3 Be7 7. Bd3 O-O 8. Nge2
c6 9. O-O Nbd7 10. Nf4 c5 11. Nxg6 fxg6 12. d5 exd5 13. cxd5 Ne5 14. Be2 a6 15.
f4 Ned7 16. a3 b5 17. b3 Nb6 18. e5 Nfd7 19. exd6 Bxd6 20. Ne4 Qe7 21. Qd3 Nf6
22. Nxd6 Qxd6 23. Bf3 Nfxd5 24. Rfd1 Rad8 25. Rac1 c4 26. bxc4 Nxc4 1/2-1/2

[Event "Mittelfr. EM - Qualifikationsturnier"]
[Site "Büchenbach"]
[Date "2011.04.22"]
[Round "6.18"]
[White "Hollmann, Thomas"]
[Black "Andersen, Ernst"]
[Result "0-1"]
[WhiteElo "1441"]
[BlackElo "1562"]
[PlyCount "86"]
[EventDate "2011.??.??"]
[WhiteTeam "SG Büchenbach/Roth e.V."]
[BlackTeam "Privatverein Roth e.V."]

1. e4 c5 2. Bc4 e6 3. Nc3 a6 4. Nf3 Nc6 5. d4 cxd4 6. Nxd4 Nxd4 7. Qxd4 Qc7 8.
Bg5 b5 9. Be2 Bb7 10. Bf3 Rc8 11. a3 d6 12. a4 Qa5 13. O-O b4 14. Na2 Qxg5 15.
Qb6 Qe7 16. Nxb4 Qc7 17. a5 Nf6 18. Rfe1 Nd7 19. Qa7 Qb8 20. Qe3 Be7 21. Be2
Nc5 22. f3 O-O 23. Bc4 Qa8 24. Qe2 Rfe8 25. Rad1 Bd8 26. Ra1 Bf6 27. c3 Bg5 28.
Red1 d5 29. Bd3 Nxd3 30. Rxd3 dxe4 31. fxe4 Be7 32. Re1 Bxb4 33. cxb4 Rc4 34.
Rd8 Qa7+ 35. Kf1 Rc8 36. Rd7 Qa8 37. Qf3 Rf8 38. Qe3 Bc6 39. Rd6 Rfe8 40. g3
Bb5+ 41. Kg1 f5 42. e5 Rc2 43. Qb3 Qg2# 0-1

[Event "Mittelfr. EM - Qualifikationsturnier"]
[Site "Büchenbach"]
[Date "2011.04.22"]
[Round "6.19"]
[White "Kellmann, Andreas"]
[Black "Dreiseitel, Ursula"]
[Result "0-1"]
[WhiteElo "1396"]
[BlackElo "1509"]
[PlyCount "70"]
[EventDate "2011.??.??"]
[WhiteTeam "SG Büchenbach/Roth e.V."]
[BlackTeam "SC Noris-Tarrasch Nürnberg 1873"]

1. e4 d6 2. d4 Nf6 3. Nc3 g6 4. Nf3 Bg7 5. Bd3 O-O 6. Be3 Nbd7 7. Qd2 Ng4 8.
Bf4 e5 9. dxe5 Ngxe5 10. Nxe5 Nxe5 11. O-O Bd7 12. Rfe1 Re8 13. f3 c6 14. Rab1
Be6 15. b3 Rc8 16. Ne2 b5 17. Nd4 Qb6 18. Be3 Qc7 19. Qf2 a6 20. Be2 Bd7 21.
Bd3 c5 22. Ne2 Be6 23. Ng3 d5 24. exd5 Bxd5 25. Be4 Bc6 26. Bxc6 Qxc6 27. Ne4
c4 28. Bd4 cxb3 29. axb3 Qxc2 30. Qxc2 Rxc2 31. Nc5 Nxf3+ 32. gxf3 Rxe1+ 33.
Rxe1 Bxd4+ 34. Kh1 Bxc5 35. Re8+ Bf8 0-1

[Event "Mittelfr. EM - Qualifikationsturnier"]
[Site "Büchenbach"]
[Date "2011.04.22"]
[Round "6.20"]
[White "Drechsel, Simon"]
[Black "Siegl, Adrian"]
[Result "0-1"]
[WhiteElo "1202"]
[BlackElo "1383"]
[PlyCount "148"]
[EventDate "2011.??.??"]
[WhiteTeam "SK Neumarkt e.V."]
[BlackTeam "SW Nürnberg Süd e.V."]

1. Nf3 d5 2. g3 Nf6 3. Bg2 Nc6 4. d3 Bf5 5. O-O e6 6. b3 Bc5 7. Bb2 O-O 8. Nbd2
Re8 9. Re1 Nd7 10. e4 dxe4 11. dxe4 Bg4 12. h3 Bxf3 13. Nxf3 Qe7 14. e5 Rad8
15. Qe2 Ba3 16. Bxa3 Qxa3 17. Qb5 Qb4 18. Qxb4 Nxb4 19. Nd4 c5 20. a3 cxd4 21.
axb4 Rc8 22. Red1 Rxc2 23. Rxd4 Nxe5 24. Rxa7 Rc3 25. Rxb7 Rxb3 26. b5 g6 27.
Re4 Nd3 28. Re3 Rb1+ 29. Bf1 Nc5 30. Rc7 Nb3 31. Kg2 Nd2 32. Be2 Nb3 33. Bd3
Rb2 34. Re2 Rxe2 35. Bxe2 Rb8 36. Bd3 Nd4 37. Rc5 Kg7 38. f4 h6 39. Kf2 Rb6 40.
Ke3 Nb3 41. Rc6 Rb7 42. b6 Kf6 43. Ba6 Rb8 44. b7 Na5 45. Rc8 Rxb7 46. Bxb7
Nxb7 47. Kf3 Nd6 48. Rc5 g5 49. fxg5+ hxg5 50. h4 gxh4 51. gxh4 Nf5 52. Rc4 Kg6
53. Rg4+ Kh5 54. Kf4 Nxh4 55. Rg7 Ng6+ 56. Kg3 f5 57. Ra7 Kg5 58. Ra4 e5 59.
Ra1 f4+ 60. Kf3 Kf5 61. Kf2 Ne7 62. Rh1 Nd5 63. Kf3 e4+ 64. Kf2 Nf6 65. Rh3 Kg4
66. Ra3 f3 67. Ra6 Nd5 68. Ra4 Kf4 69. Rc4 Ne3 70. Rd4 Ng4+ 71. Ke1 Ke3 72. Rd2
f2+ 73. Kf1 Nh2+ 74. Kg2 f1=Q+ 0-1

[Event "Mittelfr. EM - Qualifikationsturnier"]
[Site "Büchenbach"]
[Date "2011.04.22"]
[Round "6.21"]
[White "Lutter, Maximilian"]
[Black "Gottlieb, Michael"]
[Result "1-0"]
[WhiteElo "1271"]
[BlackElo "1217"]
[PlyCount "73"]
[EventDate "2011.??.??"]
[WhiteTeam "SK Neumarkt e.V."]
[BlackTeam "SC Postbauer-Heng e.V"]

1. e4 e5 2. Nf3 d6 3. d4 exd4 4. Nxd4 Nf6 5. Nc3 Be7 6. Bf4 O-O 7. Be2 b6 8.
Qd2 Bb7 9. f3 Re8 10. O-O-O Nc6 11. Nxc6 Bxc6 12. Nb5 Bb7 13. Nd4 c5 14. Nb5
Nh5 15. Kb1 Nxf4 16. Qxf4 a6 17. Nxd6 Bxd6 18. Qxd6 Qxd6 19. Rxd6 b5 20. Rd7
Rab8 21. Rc7 c4 22. Rd1 Rec8 23. Rxc8+ Rxc8 24. Rd6 h6 25. Kc1 Re8 26. Bd1 Kf8
27. Rd7 Rb8 28. Kd2 Ke8 29. Rc7 g5 30. Ke3 Rd8 31. Be2 Bc8 32. Rc6 Bb7 33. Rxh6
Ke7 34. h4 Rg8 35. h5 f6 36. Rh7+ Kf8 37. Rxb7 1-0

[Event "Mittelfr. EM - Qualifikationsturnier"]
[Site "Büchenbach"]
[Date "2011.04.22"]
[Round "6.23"]
[White "Tong, Kevin"]
[Black "Stefan, Sebastian"]
[Result "1/2-1/2"]
[WhiteElo "1432"]
[BlackElo "1176"]
[PlyCount "86"]
[EventDate "2011.??.??"]
[WhiteTeam "SC Erlangen 48/88 e.V."]
[BlackTeam "SG Büchenbach/Roth e.V."]

1. e4 e6 2. d4 d5 3. Nc3 Bb4 4. e5 c5 5. Nf3 Nc6 6. Bb5 Nge7 7. O-O O-O 8. Be3
Bxc3 9. bxc3 c4 10. Bxc6 Nxc6 11. Ne1 Ne7 12. f4 Nf5 13. Qd2 f6 14. Nf3 Bd7 15.
Rab1 Rb8 16. Rb2 b6 17. Qf2 Qe7 18. Bd2 Rb7 19. Nh4 fxe5 20. Nxf5 exf5 21. fxe5
g6 22. Qg3 Be6 23. Bg5 Qf7 24. Qf4 Rfb8 25. Bf6 b5 26. Qf2 b4 27. cxb4 Rxb4 28.
Rxb4 Rxb4 29. c3 Rb5 30. Qc2 Qb7 31. Qa4 a6 32. h3 Bd7 33. Qd1 Ra5 34. Qc2 Rb5
35. Qd1 Ra5 36. Qc2 Rb5 37. Qc1 Ra5 38. Qc2 Rb5 39. Qc1 Ra5 40. Qd2 Rb5 41. Qc1
Ra5 42. Qd2 Rb5 43. Qc1 Ra5 1/2-1/2

[Event "Mittelfr. EM - Qualifikationsturnier"]
[Site "Büchenbach"]
[Date "2011.04.22"]
[Round "7.1"]
[White "Mösl, Sebastian"]
[Black "Güldner, Udo"]
[Result "1/2-1/2"]
[WhiteElo "1793"]
[BlackElo "1947"]
[PlyCount "32"]
[EventDate "2011.??.??"]
[WhiteTeam "SK Neumarkt e.V."]
[BlackTeam "SC Forchheim e.V."]

1. e4 c5 2. Nc3 Nc6 3. f4 g6 4. Nf3 Bg7 5. Bb5 Nd4 6. O-O Nxb5 7. Nxb5 a6 8.
Nc3 e6 9. d3 Ne7 10. Qe1 d6 11. Bd2 Nc6 12. a3 Nd4 13. Nxd4 Bxd4+ 14. Kh1 Bd7
15. Rb1 Bg7 16. Qg3 f5 1/2-1/2